Energy policies of IEA countries 2002 review

Salvato in:
Dettagli Bibliografici
Ente Autore: OECD. International Energy Agency
Natura: Libro
Lingua:inglese
Pubblicazione: Paris OECD/IEA 2002
Soggetti:
Tags: Aggiungi Tag
Nessun Tag, puoi essere il primo ad aggiungerne!!

MARC

LEADER 00000nam a2200000 4500
001 c142730
005 20221124091958.2
020 |a 92-64-19773-7 
041 0 |a eng 
044 |a FR 
245 1 0 |a Energy policies of IEA countries  |b 2002 review 
264 1 |a Paris  |b OECD/IEA  |c 2002 
300 |a 393 s. 
610 2 0 |a energetika 
610 2 0 |a trh 
610 2 0 |a reformy 
610 2 0 |a zmeny klimatické 
610 2 0 |a technológia 
610 2 0 |a výskum 
610 2 0 |a údaje štatistické 
610 2 0 |a porovnanie medzinárodné 
610 2 0 |a energia elektrická 
610 2 0 |a spotreba energie 
610 2 0 |a palivá 
610 2 0 |a ceny 
610 2 0 |a emisie 
610 2 0 |a svet 
710 2 |a OECD. International Energy Agency